Manual contratos y títulos valores : partes general y especial /
Guardado en:
| Otros Autores: | , , , , , , , , , , , , , , |
|---|---|
| Formato: | Libro |
| Idioma: | Undetermined |
| Publicado: |
Resistencia :
Con Texto,
2022.
|
| Edición: | 1a. ed. |
| Materias: | |
| Etiquetas: |
Agregar Etiqueta
Sin Etiquetas, Sea el primero en etiquetar este registro!
|
| LEADER | 01296nam a22003495a 4500 | ||
|---|---|---|---|
| 001 | DER.der014804 | ||
| 008 | 230504s2022####xx############000#0#und#d | ||
| 005 | 20250626140645.0 | ||
| 245 | 1 | 0 | |a Manual contratos y títulos valores : |b partes general y especial / |c dirigido por María Laura Estigarribia Bieber ; prólogo de Eduardo Favier Dubois (h). |
| 250 | |a 1a. ed. | ||
| 260 | |a Resistencia : |b Con Texto, |c 2022. | ||
| 300 | |a 785 p. | ||
| 020 | |a 9789877306828 | ||
| 100 | 1 | |a Estigarribia Bieber, María Laura, |e dir. | |
| 700 | 1 | |a Favier Dubois, Eduardo (h), |e prol. | |
| 700 | 1 | |a Shwoihort, Sergio Junior, |e coord. | |
| 700 | 1 | |a Lértora, Federico Manuel, |e coord. | |
| 700 | 1 | |a Cáncer, Silvina Andrea. | |
| 700 | 1 | |a Egea, Andrea Silvina. | |
| 700 | 1 | |a Garayoa, Natalia. | |
| 700 | 1 | |a Gentile, Verónica Beatriz. | |
| 700 | 1 | |a Glibota Landriel, Verónica María Laura. | |
| 700 | 1 | |a Gómez, Marta Graciela. | |
| 700 | 1 | |a Marchi, Rosanna Edith Itatí. | |
| 700 | 1 | |a Ocampo, Américo Ramón. | |
| 700 | 1 | |a Panzardi, María Sofía. | |
| 700 | 1 | |a Roldán, Juan José. | |
| 700 | 1 | |a Sabadini, Enzo Enrique. | |
| 700 | 1 | |a Zalazar, Héctor Daniel. | |
| 650 | 7 | |a DERECHO BANCARIO | |
| 859 | |a DERECHO |b BIB. DERECHO |h 346.02 |i MAN |p 004627 | ||
| 859 | |a DERECHO |b BIB. DERECHO |h 346.02 |i MAN |p 0010617 |t 1 | ||
